000 01308aab a2200241 i 4500
001 768714001
003 CO-MdFUSB
005 20240715115707.0
008 240715t2003 sz ||||| |||| 00| 0 eng d
040 _bspa
_cCO-MdFUSB
041 _aeng
100 1 _aLawrence, David
_eautor
245 1 0 _aExclusion and inclusion
_c/ David Lawrence
520 _aAl final, debemos aprender a definir nuestra iglesia como un reflejo de las necesidades y dones de aquellos que podrían ser incluidos en ella por la gracia de Dios, no sólo de aquellos que están dentro de ella. La dimensión de la iglesia no es nuestra, sino la elección de Dios, y la iglesia debe estar dispuesta y contenta de recibir todo lo que Dios envía. Quizás tendríamos menos miedo si consideramos el hecho de que los dones de Dios a menudo vienen en forma de otras personas. Excluimos a los demás porque tememos sus necesidades o diferencias.
546 _aTexto en inglés.
650 7 _aIglesia
_9655
650 7 _aTeología pastoral y unidad cristiana
_97183
650 7 _aDios
_9178
650 7 _aAmor
_xAspectos religiosos
_vCristianismo
_9255
773 0 _tReformed World
_049396
_959510
_gVolumen 53, (número 2 & 3, 2003) páginas: 86 - 91
_qpágina: 86
942 _cANA
945 _aCatherine Arias Álvarez - Practicante SENA
999 _c55645
_d55645